Online Catalogue and eLibrary

Women and litracy (Record no. 2975)

MARC details
000 -LEADER
fixed length control field 00430nam a2200181Ia 4500
005 - DATE AND TIME OF LATEST TRANSACTION
control field 20240802043538.0
008 - FIXED-LENGTH DATA ELEMENTS--GENERAL INFORMATION
fixed length control field 240331s9999 xx 000 0 und d
020 ## - INTERNATIONAL STANDARD BOOK NUMBER
ISBN 1856499817
082 ## - DDC Classification
Item Number - Author Mark WOM
Class No. 376
100 ## - MAIN ENTRY--PERSONAL NAME
Personal name \
245 #0 - TITLE STATEMENT
Title Women and litracy
260 ## - PUBLICATION, DISTRIBUTION, ETC.
Place of publication, distribution, etc. London & New Jersey
Name of publisher, distributor, etc. Zed Books Ltd
Date of publication, distribution, etc. 1992
300 ## - PHYSICAL DESCRIPTION
Extent (e.g. Volumes, Pages etc.) xii, 83 p .,
650 ## - SUBJECT ADDED ENTRY--TOPICAL TERM
Topical term or geographic name entry element Women
650 ## - SUBJECT ADDED ENTRY--TOPICAL TERM
Topical term or geographic name entry element Education
700 ## - ADDED ENTRY--PERSONAL NAME
Personal name Ballara, Marcela
Relator term (Role) Editor
942 ## - Koha item type (Biblio)
Koha item type Books in Stacks (Lending)
Holdings
Lost status Damaged status Collection code Home library Current library Shelving location Date acquired Full call number Accession Number Item type
    Lending WERC Library WERC Library Social Science Cupboard 03/31/2024 376 WOM 1129 Books in Stacks (Lending)

© WERC Library